[Event "Puhajarve rap op 23rd"]
[Site "Puhajarve"]
[Date "2023.11.24"]
[Round "7"]
[White "Krupenski, Juri"]
[Black "Shirov, Alexei"]
[Result "0-1"]
[WhiteElo "2398"]
[BlackElo "2668"]
[PlyCount "90"]
[EventDate "2023.11.24"]
[EventType "tourn (rapid)"]
[EventRounds "33"]
[EventCountry "EST"]
[SourceTitle "CB49_2023"]
[SourceDate "2023.12.06"]
[SourceVersion "1"]
[SourceVersionDate "2023.12.06"]
[SourceQuality "1"]

1. d4 d5 2. c4 c6 3. Nf3 Nf6 4. g3 dxc4 5. Bg2 g6 6. 0-0 Bg7 7. a4 0-0 8. Na3 Be6 9. Ng5 Bf5 10. Nxc4 h6 11. Nf3 Na6 12. Bd2 Be4 13. Nce5 c5 14. dxc5 Nxc5 15. b4 Ne6 16. Rc1 Rc8 17. Be3 Nd5 18. Rxc8 Qxc8 19. Qb3 Qc3 20. Qxc3 Nxc3 21. Re1 f6 22. Bh3 Nc7 23. Nd7 Rd8 24. Nd2 Bc6 25. Nc5 Nxa4 26. Ne6 Nxe6 27. Bxe6+ Kf8 28. Nb3 f5 29. Na5 Bd5 30. Bxd5 Rxd5 31. Nxb7 Kf7 32. Kg2 Rd7 33. Nc5 Nxc5 34. Bxc5 a6 35. Rb1 Rc7 36. Kf3 Rc6 37. e4 e6 38. Ke3 Bf8 39. exf5 gxf5 40. Bxf8 Kxf8 41. Kd4 Ke7 42. b5 Rd6+ 43. Kc4 axb5+ 44. Rxb5 Rd2 45. Rb7+ Kf6 0-1

[Event "EST Masters"]
[Site "Tornelo INT"]
[Date "2022.02.11"]
[Round "1.4"]
[White "Krupenski, Juri"]
[Black "Volodin, Aleksandr"]
[Result "1/2-1/2"]
[WhiteElo "2404"]
[BlackElo "2466"]
[PlyCount "120"]
[EventDate "2022.02.11"]
[EventType "k.o. (rapid)"]
[EventRounds "3"]
[EventCountry "EST"]
[SourceTitle "CBM 206 Extra"]
[Source "ChessBase"]
[SourceDate "2022.03.31"]
[SourceVersion "1"]
[SourceVersionDate "2022.03.31"]
[SourceQuality "1"]

1. d4 d5 2. c4 e6 3. Nf3 Nf6 4. g3 Bb4+ 5. Bd2 Be7 6. Bg2 0-0 7. 0-0 c6 8. Qc2 Nbd7 9. a4 h6 10. a5 a6 11. Nc3 c5 12. cxd5 exd5 13. Rfd1 Re8 14. Bf4 cxd4 15. Nb5 d3 16. exd3 Nc5 17. Nc7 Bf5 18. Nxa8 Qxa8 19. Nd4 Bg6 20. b4 Ncd7 21. Qb3 Qa7 22. Be3 Qa8 23. Re1 Ne5 24. Rad1 Bf8 25. h3 Rc8 26. Bf4 Nc6 27. Nxc6 bxc6 28. Be5 Qb7 29. Rb1 Nd7 30. Bd4 Rb8 31. Rec1 Qb5 32. Bf1 Bxb4 33. Bc3 Bxc3 34. Qxb5 axb5 35. Rxc3 c5 36. a6 b4 37. Ra3 Ra8 38. Ra5 Ra7 39. Rb2 d4 40. f4 Kh7 41. Kf2 Nb6 42. g4 f5 43. gxf5 Bxf5 44. Rxc5 Na4 45. Rxf5 Nxb2 46. Rb5 Rxa6 47. Rxb4 Nd1+ 48. Kf3 Ra2 49. Bg2 Ne3 50. Bh1 Rh2 51. Rxd4 Rxh3+ 52. Ke2 Rxh1 53. Kxe3 Kg6 54. Rd7 Re1+ 55. Kf2 Ra1 56. Kf3 Rf1+ 57. Kg3 Rg1+ 58. Kf3 Rf1+ 59. Kg3 Rg1+ 60. Kf3 Rf1+ 1/2-1/2

[Event "Puhajarve Rapid op 21st"]
[Site "Puhajarve"]
[Date "2021.11.27"]
[Round "18"]
[White "Blomqvist, Erik"]
[Black "Krupenski, Juri"]
[Result "1-0"]
[WhiteElo "2542"]
[BlackElo "2404"]
[PlyCount "77"]
[EventDate "2021.11.26"]
[EventType "tourn (rapid)"]
[EventRounds "37"]
[EventCountry "EST"]
[SourceTitle "CBM 205 Extra"]
[Source "ChessBase"]
[SourceDate "2022.01.31"]
[SourceVersion "1"]
[SourceVersionDate "2022.01.31"]
[SourceQuality "1"]

1. e4 c6 2. d4 d5 3. exd5 cxd5 4. Bd3 Nf6 5. h3 Nc6 6. c3 g6 7. Nf3 Bf5 8. Be2 Bg7 9. 0-0 0-0 10. Be3 Re8 11. Nbd2 e5 12. dxe5 Nxe5 13. Nxe5 Rxe5 14. Nf3 Re8 15. Bd4 Be4 16. Re1 a6 17. a4 Qd6 18. a5 Bh6 19. Bf1 Nh5 20. Nd2 Bf4 21. Nxe4 dxe4 22. Bb6 Qe6 23. Ra4 Nf6 24. g3 Bh6 25. Bg2 Qc6 26. Qb3 Rac8 27. Rb4 Bf8 28. Rd4 Bc5 29. Bxc5 Qxc5 30. Qxb7 Qxa5 31. Rd6 Kg7 32. Rxa6 Qc5 33. Ra7 Rf8 34. Qe7 Qb6 35. Qa3 Rcd8 36. Ra6 Qc7 37. Qa5 Qc4 38. Bf1 Qb3 39. Qe5 1-0

[Event "Karlstad op"]
[Site "Karlstad"]
[Date "2019.12.27"]
[Round "3"]
[White "Krupenski, Juri"]
[Black "Ronneland, Daniel"]
[Result "1-0"]
[WhiteElo "2386"]
[BlackElo "2169"]
[PlyCount "109"]
[EventDate "2019.12.27"]
[EventType "swiss"]
[EventRounds "8"]
[EventCountry "SWE"]
[SourceTitle "CBM 195 Extra"]
[Source "ChessBase"]
[SourceDate "2020.05.31"]
[SourceVersion "1"]
[SourceVersionDate "2020.05.31"]
[SourceQuality "1"]

1. d4 Nf6 2. c4 e6 3. g3 d5 4. Nf3 Be7 5. Bg2 0-0 6. 0-0 dxc4 7. Qc2 a6 8. a4 Bd7 9. Qxc4 Bc6 10. Bf4 Nbd7 11. Nc3 Nb6 12. Qb3 Nbd5 13. Bd2 b6 14. Rfe1 Bb7 15. Ne5 c5 16. dxc5 Bxc5 17. e4 Nb4 18. Be3 Qe7 19. Nc4 Ng4 20. Bxc5 Qxc5 21. Ne3 Ne5 22. Red1 Rad8 23. Rxd8 Rxd8 24. Rd1 Rd4 25. Rxd4 Qxd4 26. Nc2 Nxc2 27. Qxc2 g6 28. h3 h5 29. Kh2 Qd3 30. Qc1 Nf3+ 31. Kh1 Bxe4 32. Nxe4 Qxe4 33. Qc8+ Kh7 34. Qxa6 Qe1+ 35. Qf1 Kg7 36. Qxe1 Nxe1 37. Be4 f5 38. b4 fxe4 39. a5 Nd3 40. a6 Nxb4 41. a7 Nd5 42. a8Q Kf6 43. Qf8+ Ke5 44. Qf7 b5 45. Qxg6 b4 46. Qxh5+ Kd4 47. Qd1+ Kc3 48. Qc1+ Kb3 49. h4 Ka2 50. h5 b3 51. h6 Nf6 52. Qc4 Ka3 53. Qa6+ Kb4 54. Qd6+ Ka4 55. Qd4+ 1-0

[Event "SWE-chT 1819 Superettan"]
[Site "Sweden"]
[Date "2019.01.11"]
[Round "6"]
[White "Furhoff, Johan"]
[Black "Krupenski, Juri"]
[Result "1/2-1/2"]
[WhiteElo "2337"]
[BlackElo "2418"]
[PlyCount "55"]
[EventDate "2018.11.09"]
[EventType "team-tourn"]
[EventRounds "9"]
[EventCountry "SWE"]
[SourceTitle "EXT 2020"]
[Source "ChessBase"]
[SourceDate "2019.10.17"]
[SourceVersion "1"]
[SourceVersionDate "2019.10.17"]
[SourceQuality "1"]
[WhiteTeam "Sodra"]
[BlackTeam "Burgsvik Alva"]
[WhiteTeamCountry "SWE"]
[BlackTeamCountry "SWE"]

1. e4 g6 2. Nc3 Bg7 3. f4 c6 4. d4 d5 5. e5 Nh6 6. Be2 0-0 7. Be3 f6 8. Qd2 Nf5 9. Bf2 fxe5 10. dxe5 g5 11. g3 Qa5 12. Nf3 gxf4 13. gxf4 Bh6 14. Rg1+ Ng7 15. Ng5 Bf5 16. e6 Bg6 17. Bd3 Nf5 18. Nf7 Rxf7 19. exf7+ Kxf7 20. 0-0-0 Nd7 21. Qe2 Bxf4+ 22. Kb1 Nf6 23. Bxf5 Bxf5 24. Bd4 Bg6 25. Rdf1 Qc7 26. Qf2 Be5 27. Ne2 Rg8 28. Ng3 1/2-1/2

[Event "Vasteras op"]
[Site "Vasteras"]
[Date "2018.09.28"]
[Round "3"]
[White "Krupenski, Juri"]
[Black "Rahul, Kumar Pune"]
[Result "0-1"]
[WhiteElo "2402"]
[BlackElo "2190"]
[PlyCount "114"]
[EventDate "2018.09.28"]
[EventType "swiss"]
[EventRounds "8"]
[EventCountry "SWE"]
[SourceTitle "CBM 186 Extra"]
[Source "ChessBase"]
[SourceDate "2018.08.24"]
[SourceVersion "1"]
[SourceVersionDate "2018.08.24"]
[SourceQuality "1"]

1. d4 g6 2. g3 Bg7 3. Bg2 d6 4. Nf3 Nf6 5. 0-0 0-0 6. c4 Nc6 7. Nc3 e5 8. dxe5 dxe5 9. Bg5 h6 10. Qxd8 Nxd8 11. Bxf6 Bxf6 12. Nd5 Bg7 13. Nxc7 Rb8 14. e4 Bg4 15. Nd2 Nc6 16. h3 Rfd8 17. Nd5 Be6 18. Nb3 Bf8 19. Rfd1 a5 20. a4 b6 21. Bf1 Rdc8 22. Rac1 Kg7 23. Kg2 Bc5 24. Be2 Nd4 25. Nxd4 Bxd4 26. b3 f5 27. Bf3 Rf8 28. Nc7 Bg8 29. Nb5 Bc5 30. exf5 Rxf5 31. Nd6 Rff8 32. Ne4 Bd4 33. Bg4 h5 34. Be2 Be6 35. f3 Bf5 36. Bd3 Rbd8 37. Rc2 Rf7 38. Ng5 Re7 39. Bxf5 gxf5 40. f4 Kf6 41. Nf3 e4 42. Ne5 Re6 43. Rcd2 Red6 44. Kf1 Bxe5 45. fxe5+ Kxe5 46. Rxd6 Rxd6 47. Rxd6 Kxd6 48. Ke2 Kc5 49. Kd2 Kb4 50. Kc2 e3 51. Kd3 Kxb3 52. Kxe3 Kxa4 53. Kf4 Kb4 54. Kxf5 a4 55. g4 a3 56. g5 a2 57. g6 a1Q 0-1

[Event "Riga Tech op 8th"]
[Site "Riga"]
[Date "2018.08.11"]
[Round "8"]
[White "Krupenski, Juri"]
[Black "Haria, Ravi"]
[Result "1-0"]
[WhiteElo "2390"]
[BlackElo "2449"]
[PlyCount "91"]
[EventDate "2018.08.06"]
[EventType "swiss"]
[EventRounds "9"]
[EventCountry "LAT"]
[SourceTitle "CBM 185 Extra"]
[Source "ChessBase"]
[SourceDate "2018.07.29"]
[SourceVersion "1"]
[SourceVersionDate "2018.07.29"]
[SourceQuality "1"]

1. d4 e6 2. c4 d5 3. Nc3 c6 4. Nf3 dxc4 5. a4 Bb4 6. e3 b5 7. Bd2 a5 8. axb5 Bxc3 9. Bxc3 cxb5 10. b3 Bb7 11. bxc4 b4 12. Bb2 Nf6 13. Bd3 0-0 14. 0-0 Nbd7 15. Qc2 Qc7 16. e4 e5 17. c5 exd4 18. Bxd4 Qf4 19. c6 Rac8 20. Bb5 b3 21. Qxb3 Bxc6 22. Bxc6 Rxc6 23. e5 Ng4 24. Qd5 Rg6 25. h3 Nh6 26. Be3 Nb6 27. Qb7 Qf5 28. Nh4 Qd7 29. Qxd7 Nxd7 30. Nxg6 hxg6 31. Bxh6 gxh6 32. Rxa5 Re8 33. f4 Kg7 34. Rfa1 g5 35. g3 gxf4 36. gxf4 Kg6 37. Ra8 Re6 38. R1a7 Nc5 39. Rg8+ Kf5 40. Rxf7+ Ke4 41. Rf6 Re7 42. Rg3 Ne6 43. Kf2 h5 44. Re3+ Kd4 45. Kf3 h4 46. Re1 1-0

[Event "Viljandi Raud Memorial 52nd"]
[Site "Viljandi"]
[Date "2018.07.07"]
[Round "8"]
[White "Kanep, Meelis"]
[Black "Krupenski, Juri"]
[Result "1/2-1/2"]
[WhiteElo "2440"]
[BlackElo "2390"]
[PlyCount "75"]
[EventDate "2018.07.06"]
[EventType "swiss (rapid)"]
[EventRounds "10"]
[EventCountry "EST"]
[SourceTitle "CBM 185 Extra"]
[Source "ChessBase"]
[SourceDate "2018.07.29"]
[SourceVersion "1"]
[SourceVersionDate "2018.07.29"]
[SourceQuality "1"]

1. d4 Nf6 2. Bg5 e6 3. e4 h6 4. Bxf6 Qxf6 5. c3 d6 6. Bd3 c5 7. Nf3 e5 8. 0-0 Be7 9. Na3 0-0 10. dxe5 dxe5 11. Nc4 Nc6 12. Ne3 Qd6 13. Qe2 Be6 14. Rfd1 Rfd8 15. Bc4 Bxc4 16. Qxc4 Qe6 17. Qxe6 fxe6 18. Nc4 Bf6 19. a4 Kf8 20. Kf1 Ke7 21. Ke2 h5 22. h4 Rxd1 23. Rxd1 Rg8 24. g3 g6 25. a5 Rb8 26. Ne1 b5 27. axb6 axb6 28. Ra1 Kd7 29. Nd3 Kc7 30. Na3 Rd8 31. Nc4 b5 32. Nxc5 bxc4 33. Nxe6+ Kb6 34. Nxd8 Bxd8 35. Rd1 Be7 36. Rh1 Bd6 37. Kf3 Nd8 38. Ke3 1/2-1/2

[Event "Viljandi Raud Memorial 52nd"]
[Site "Viljandi"]
[Date "2018.07.06"]
[Round "5"]
[White "Krupenski, Juri"]
[Black "Smirnov, Artem"]
[Result "1-0"]
[WhiteElo "2390"]
[BlackElo "2405"]
[PlyCount "69"]
[EventDate "2018.07.06"]
[EventType "swiss (rapid)"]
[EventRounds "10"]
[EventCountry "EST"]
[SourceTitle "CBM 185 Extra"]
[Source "ChessBase"]
[SourceDate "2018.07.29"]
[SourceVersion "1"]
[SourceVersionDate "2018.07.29"]
[SourceQuality "1"]

1. d4 Nf6 2. c4 e6 3. g3 Bb4+ 4. Bd2 a5 5. Bg2 d5 6. Qc2 0-0 7. Nf3 Be7 8. 0-0 c6 9. Bf4 Nbd7 10. Nc3 dxc4 11. Nd2 Nb6 12. Rfd1 Nfd5 13. Nce4 g5 14. Be3 f5 15. Nc5 f4 16. Be4 Rf7 17. Nf3 fxe3 18. Ne5 exf2+ 19. Kh1 Qf8 20. Nxf7 Qxf7 21. Qd2 e5 22. Rf1 Bh3 23. Bg2 Bxg2+ 24. Kxg2 c3 25. Qd3 cxb2 26. Rab1 Rf8 27. Ne4 Nb4 28. Qb3 Nc4 29. Rxf2 Qd5 30. Rxf8+ Bxf8 31. Qf3 Bg7 32. Kh3 exd4 33. g4 Ne5 34. Qf5 h6 35. Rxb2 1-0